| 000 | 00000nam##2200000za#4500 |
| 001 | 9.696819 |
| 003 | CaOODSP |
| 005 | 20210624235215 |
| 007 | cr ||||||||||| |
| 008 | 150407|1996||||xxc|||||o f|0| 0 eng|d |
| 040 | |aCaOODSP|beng |
| 043 | |an-cn--- |
| 086 | 1 |aE97-49/1996E-PDF |
| 110 | 1 |aCanada.|bInternational Development Research Centre. |
| 245 | 10|aTelecommunications and universal service : |h[electronic resource]|binternational experience in the context of South African policy reform / |c[by] Sean Ó Siochru. |
| 260 | |aOttawa - Ontario : |bInternational Development Research Centre |cSeptember 1996. |
| 300 | |a104p.|bfigs., references, tables |
| 590 | |a12-41-Supp|b2012-11-07 |
| 690 | 07|aGovernment services|2gcpds |
| 690 | 07|aPolicy development|2gcpds |
| 720 | 1 |aSiochru, Sean Ó |
| 856 | 40|ahttp://publications.gc.ca|qPDF|s4.84 MB|uhttps://publications.gc.ca/collections/collection_2012/crdi-idrc/E97-49-1996-eng.pdf |